000 00763nam a2200241Ia 4500
001 594
003 GE_BSU
008 181216s||||||||xx |||||||||||||| ||und||
020 _a9789941172168
040 _cGE_BSU
080 _a004.738.5+339.138(075.8)
100 _aთოდუა,ნუგზარ;აბულაძე,რატი
245 _aინტერნეტ–მარკეტინგი
245 _bსახელმძღვანელო
245 _cრედ.ჩარიტა ჯაში
260 _aთბილისი
260 _bუნივერსალი
260 _c2011
300 _a320გვ.
541 _h15ლ.
653 _aინტერნეტ–მარკეტინგი
942 _cBK
999 _c34784
_d34784